header

Approaches to urban slums (Record no. 31740)

MARC details
000 -LEADER
fixed length control field 01547nam a2200349Ia 4500
245 00 - TITLE STATEMENT
Title Approaches to urban slums
260 ## - PUBLICATION, DISTRIBUTION, ETC. (IMPRINT)
Place of publication Washington, D.C. :
Name of publisher World Bank,
Year of publication 2008.
300 ## - PHYSICAL DESCRIPTION
Number of Pages 59 p. :
Other physical details col. ill.
490 1# - SERIES STATEMENT
Series statement WBI learning resources series
500 ## - GENERAL NOTE
General note Accompanying discs contain the actual sourcebook, while the book is a primer to the sourcebook. The discs have identical content, but one uses PowerPoint and the other uses Flash.
650 #0 - SUBJECT ADDED ENTRY--TOPICAL TERM
Topical Term Slums
Topical Term Urban poor
700 1# - ADDED ENTRY--PERSONAL NAME
Personal name Mehta, Barjor.
Personal name Dastur, Arish.
Personal name Janus, Steffen.
856 40 - ELECTRONIC LOCATION AND ACCESS
Uniform Resource Identifier http://site.ebrary.com/lib/rucke/Doc?id=10257219

No items available.

© 2026 Rongo University
Contact us: librarian | system librarian | Rongo university